00454nam a2200157Ia 450000500170000000800410001708200130005810000120007124500270008326000430011030000130015365000100016694200060017695200990018299900150028120250404043256.0240331s9999 xx 000 0 und d bSOMa894 aSomu, M 0aEllai thanda agathigal aTiruchibTamil Kural Pathippagamc1994 a206 p ., aNoval cL 001040708LaWERCLbWERCLcSSCd2024-03-31l0o 894.811 SOMp5138r2024-03-31w2024-03-31yL c3779d3779